Statistiken für Die 10 Erfolgreichsten Nintendo Wii U Spiele

Klicken Sie hier um das Quiz zu spielen!

Allgemein

  • Dieses Quiz wurde 130 mal gespielt
  • Das Durchschnittsergebnis liegt bei 5 aus 10

Antwortstatistiken

PlatzSpielverkaufte EinheitenJahr% Korrekt
1Mario Kart 88,46 Millionen2014
93%
2Super Mario 3D World5,89 Millionen2013
63%
3New Super Mario Bros. U5,82 Millionen2012
61%
4Super Smash Bros. for Wii U5,38 Millionen2014
59%
10Mario Party 102,27 Millionen2015
44%
7Super Mario Maker4,02 Millionen2015
38%
6Splatoon4,95 Millionen2015
36%
5Nintendo Land5,21 Millionen2012
35%
9The Legend of Zelda: The Wind Waker HD2,37 Millionen2013
16%
8New Super Luigi U3,07 Millionen2013
15%

Verteilung der Resultate

Perzentil nach korrekt beantworteten Fragen

Anzahl Personen mit jedem Resultat

Ihre Resultats-Entwicklung

Sie haben dieses Quiz noch nicht gespielt